[Event "Barcelona La Lira op 38th"]
[Site "Barcelona"]
[Date "2020.01.24"]
[Round "2"]
[White "Aleksanyan Israelyan, Nicolas"]
[Black "Exposito Perez, Juan Miguel"]
[Result "1-0"]
[WhiteElo "1752"]
[BlackElo "1451"]
[PlyCount "85"]
[EventDate "2020.01.17"]
[EventType "swiss"]
[EventRounds "8"]
[EventCountry "ESP"]
[SourceTitle "CBM 195 Extra"]
[Source "ChessBase"]
[SourceDate "2020.05.31"]
[SourceVersion "1"]
[SourceVersionDate "2020.05.31"]
[SourceQuality "1"]

1. e4 c6 2. d4 d5 3. exd5 cxd5 4. Bd3 Nf6 5. Nf3 Nc6 6. c3 Bg4 7. Bf4 e6 8. 0-0 Bd6 9. Bg3 0-0 10. Re1 Qc7 11. Nbd2 a6 12. Qc2 Bxg3 13. hxg3 b5 14. Ne5 g6 15. Nxg4 Nxg4 16. Nf3 Rae8 17. Qd2 f5 18. Re2 e5 19. dxe5 Ncxe5 20. Nxe5 Rxe5 21. Rxe5 Nxe5 22. Be2 Nc4 23. Qxd5+ Kg7 24. Bxc4 Qxc4 25. Qxc4 bxc4 26. Rd1 Rb8 27. Rd2 Re8 28. Kf1 Re6 29. Re2 Rd6 30. Ke1 Kf6 31. Rd2 Re6+ 32. Kd1 Kg5 33. b3 cxb3 34. axb3 Rb6 35. Kc2 h5 36. c4 h4 37. gxh4+ Kxh4 38. Kc3 g5 39. b4 f4 40. c5 Rf6 41. Rd6 f3 42. g3+ Kh3 43. Rxf6 1-0

[Event "Barcelona La Lira op 36th"]
[Site "Barcelona"]
[Date "2018.03.09"]
[Round "8.21"]
[White "Exposito Perez, Juan Miguel"]
[Black "Orts Gonzalez, Rafael"]
[Result "1-0"]
[WhiteElo "1452"]
[BlackElo "1090"]
[PlyCount "59"]
[EventDate "2018.01.19"]
[EventType "swiss"]
[EventRounds "8"]
[EventCountry "ESP"]
[SourceTitle "EXT 2024"]
[Source "ChessBase"]
[SourceDate "2023.10.10"]
[SourceVersion "1"]
[SourceVersionDate "2023.10.10"]
[SourceQuality "1"]

1. d4 d5 2. Nf3 e6 3. e3 f6 4. c4 Ne7 5. Bd3 Qd6 6. c5 Qc6 7. Qb3 a5 8. Bb5 Ra6 9. Bxc6+ Rxc6 10. 0-0 Na6 11. a3 b6 12. cxb6 Rxb6 13. Qa4+ Nc6 14. Bd2 Bd7 15. Qc2 Kf7 16. e4 Bd6 17. e5 fxe5 18. dxe5 Nxe5 19. Nxe5+ Bxe5 20. Bc3 d4 21. Bxa5 Rc6 22. Qe4 Rc5 23. b4 Rd5 24. Nd2 c5 25. Nc4 Bf6 26. Nb6 Bb5 27. Nxd5 Bxf1 28. Nxf6 Kxf6 29. Rxf1 Rb8 30. Qxh7 1-0

[Event "Barcelona La Lira op 36th"]
[Site "Barcelona"]
[Date "2018.02.23"]
[Round "6.19"]
[White "Exposito Perez, Juan Miguel"]
[Black "Hernandez Mediavilla, Juan Jose"]
[Result "1/2-1/2"]
[WhiteElo "1452"]
[BlackElo "1299"]
[PlyCount "150"]
[EventDate "2018.01.19"]
[EventType "swiss"]
[EventRounds "8"]
[EventCountry "ESP"]
[SourceTitle "EXT 2024"]
[Source "ChessBase"]
[SourceDate "2023.10.10"]
[SourceVersion "1"]
[SourceVersionDate "2023.10.10"]
[SourceQuality "1"]

1. d4 Nf6 2. Nf3 e6 3. c4 b6 4. Nc3 Bb7 5. e3 c5 6. Bd3 d5 7. 0-0 Ne4 8. cxd5 Nxc3 9. bxc3 Bxd5 10. e4 Bb7 11. Bb5+ Bc6 12. Bxc6+ Nxc6 13. Qa4 Qd7 14. Bf4 Na5 15. Qxd7+ Kxd7 16. Ne5+ Ke8 17. d5 f6 18. Nf3 e5 19. Bc1 Bd6 20. Nd2 g5 21. g4 Ke7 22. Nf3 h5 23. h3 hxg4 24. hxg4 Rh3 25. Kg2 Rah8 26. Bd2 Nc4 27. Rh1 Rxh1 28. Rxh1 Rxh1 29. Kxh1 Nxd2 30. Nxd2 b5 31. c4 b4 32. Nb3 Kd7 33. Na5 Kc7 34. Kg1 Kb6 35. Nb3 a5 36. Kf1 a4 37. Na1 Ka5 38. Ke2 a3 39. Nb3+ Kb6 40. Ke3 Kc7 41. Kd3 Kd7 42. Kc2 Kc7 43. Na5 Kb6 44. Nc6 Kc7 45. Na7 Kd7 46. Kb3 Be7 47. Nc6 Bd6 48. Kc2 Kc7 49. Na5 Kb6 50. Nb3 Kc7 51. Nd2 Kd7 52. Nf1 Kc7 53. Ng3 Bf8 54. Nf5 Kd7 55. Kb3 Kd8 56. Ng3 Kd7 57. Nh5 Be7 58. Ng7 Kd6 59. Ne6 Kd7 60. Ng7 Kd8 61. Nh5 Kd7 62. f3 Kd6 63. Ng3 Kd7 64. Nf5 Bf8 65. Kc2 Kc7 66. Kb3 Kd7 67. Ne3 Kd6 68. Nf1 Kd7 69. Nd2 Kd6 70. Ka4 Kc7 71. Kb5 Be7 72. Nb3 Bd6 73. Na5 Bf8 74. Ka4 Bd6 75. Nc6 Kd7 1/2-1/2

[Event "Barcelona La Lira op 36th"]
[Site "Barcelona"]
[Date "2018.01.26"]
[Round "2.15"]
[White "Exposito Perez, Juan Miguel"]
[Black "Tortosa Moros, Joan"]
[Result "1/2-1/2"]
[WhiteElo "1452"]
[BlackElo "1638"]
[PlyCount "140"]
[EventDate "2018.01.19"]
[EventType "swiss"]
[EventRounds "8"]
[EventCountry "ESP"]
[SourceTitle "EXT 2024"]
[Source "ChessBase"]
[SourceDate "2023.10.10"]
[SourceVersion "1"]
[SourceVersionDate "2023.10.10"]
[SourceQuality "1"]

1. d4 Nf6 2. c4 e6 3. Nf3 Bb4+ 4. Nbd2 c5 5. a3 Bxd2+ 6. Qxd2 cxd4 7. Qxd4 Nc6 8. Qc3 0-0 9. Bg5 Ne4 10. Qe3 Nxg5 11. Nxg5 Qa5+ 12. Qd2 Qxd2+ 13. Kxd2 Nd4 14. Kc3 Nc6 15. e3 h6 16. Nf3 e5 17. g4 e4 18. Nd2 Ne5 19. Be2 d6 20. Rhg1 f5 21. g5 Nf7 22. h4 Be6 23. Nb3 Rac8 24. Nd4 Bd7 25. Bh5 hxg5 26. Bxf7+ Rxf7 27. Rxg5 b5 28. b3 bxc4 29. b4 d5 30. h5 Kh7 31. Rag1 Rb8 32. Rg6 Rb6 33. f4 Re7 34. Rxb6 axb6 35. Rg6 b5 36. Rd6 Be8 37. Nxf5 Ra7 38. Rxd5 Rxa3+ 39. Kb2 Rb3+ 40. Kc2 Rxb4 41. Nd6 Bc6 42. Rc5 Bd7 43. Nxe4 Rb3 44. Ng5+ Kg8 45. Rd5 Be8 46. e4 Rg3 47. e5 Rg2+ 48. Kc3 Rg3+ 49. Kb4 Rb3+ 50. Kc5 Rd3 51. Rxd3 cxd3 52. Nf3 Bxh5 53. Nd2 Be8 54. Kd4 Bg6 55. Ke3 Kf7 56. Nb3 Ke7 57. Nd4 Be8 58. Kxd3 Bd7 59. Kc3 g6 60. Kb4 Be8 61. Nxb5 Bxb5 62. Kxb5 Ke6 63. Kc6 Ke7 64. Kd5 Kd7 65. e6+ Ke8 66. Kd6 Kd8 67. Kd5 Ke8 68. Ke4 Kf8 69. f5 gxf5+ 70. Kxf5 Ke8 1/2-1/2

[Event "Barcelona La Lira op 35th"]
[Site "Barcelona"]
[Date "2017.02.10"]
[Round "4"]
[White "Exposito Perez, Juan Miguel"]
[Black "Colom Andres, Xavier"]
[Result "0-1"]
[WhiteElo "1448"]
[BlackElo "1937"]
[PlyCount "78"]
[EventDate "2017.01.20"]
[EventType "swiss"]
[EventRounds "8"]
[EventCountry "ESP"]
[SourceTitle "EXT 2018"]
[Source "ChessBase"]
[SourceDate "2017.10.13"]
[SourceVersion "1"]
[SourceVersionDate "2017.10.13"]
[SourceQuality "1"]

1. d4 d5 2. c4 c6 3. Nf3 Nf6 4. Nc3 dxc4 5. e3 b5 6. Be2 Bb7 7. 0-0 e6 8. a4 a6 9. e4 Be7 10. Bg5 Nbd7 11. Ne5 b4 12. Nxd7 Qxd7 13. Bxf6 Bxf6 14. e5 Be7 15. Ne4 Rd8 16. Bxc4 Qxd4 17. Nd6+ Rxd6 18. exd6 Qxd6 19. Qxd6 Bxd6 20. Rad1 Ke7 21. b3 Rd8 22. f4 Bc5+ 23. Kh1 Bd4 24. h4 c5 25. Kh2 a5 26. g4 Bd5 27. Bxd5 exd5 28. f5 Bc3 29. g5 Rd6 30. Kh3 c4 31. bxc4 dxc4 32. Rxd6 Kxd6 33. h5 g6 34. hxg6 hxg6 35. f6 Bd2 36. Kg3 c3 37. Rd1 Ke5 38. Rf1 c2 39. Kg4 c1Q 0-1

[Event "Barcelona La Lira op 35th"]
[Site "Barcelona"]
[Date "2017.01.27"]
[Round "2"]
[White "Exposito Perez, Juan Miguel"]
[Black "Serentill Tost, Eduard"]
[Result "0-1"]
[WhiteElo "1448"]
[BlackElo "1700"]
[PlyCount "58"]
[EventDate "2017.01.20"]
[EventType "swiss"]
[EventRounds "8"]
[EventCountry "ESP"]
[SourceTitle "EXT 2018"]
[Source "ChessBase"]
[SourceDate "2017.10.13"]
[SourceVersion "1"]
[SourceVersionDate "2017.10.13"]
[SourceQuality "1"]

1. d4 Nf6 2. c4 g6 3. g3 Bg7 4. Bg2 d6 5. Nc3 0-0 6. Nf3 Nbd7 7. e4 e5 8. b4 exd4 9. Nxd4 Nb6 10. Qd3 Qe7 11. 0-0 c6 12. f4 Bg4 13. h3 Bd7 14. f5 Rfe8 15. Bg5 h6 16. Be3 d5 17. fxg6 fxg6 18. cxd5 Nfxd5 19. Nxd5 cxd5 20. Rae1 Qxb4 21. exd5 Rxe3 22. Rxe3 Qxd4 23. Rff3 Nxd5 24. Qb3 Re8 25. Qxd5+ Qxd5 26. Rf8+ Kxf8 27. Rxe8+ Kxe8 28. Bxd5 Bc6 29. Bxc6+ bxc6 0-1

[Event "Barcelona La Lira op 35th"]
[Site "Barcelona"]
[Date "2017.01.20"]
[Round "1"]
[White "Costa Trave, Jaume"]
[Black "Exposito Perez, Juan Miguel"]
[Result "1-0"]
[WhiteElo "1826"]
[BlackElo "1448"]
[PlyCount "55"]
[EventDate "2017.01.20"]
[EventType "swiss"]
[EventRounds "8"]
[EventCountry "ESP"]
[SourceTitle "EXT 2018"]
[Source "ChessBase"]
[SourceDate "2017.10.13"]
[SourceVersion "1"]
[SourceVersionDate "2017.10.13"]
[SourceQuality "1"]

1. d4 d5 2. Bf4 Nf6 3. Nc3 e6 4. Qd2 c5 5. e3 Nc6 6. Nb5 Ne4 7. Qc1 Qa5+ 8. c3 e5 9. dxe5 c4 10. Nd4 Nxd4 11. exd4 Qd8 12. f3 f5 13. fxe4 fxe4 14. Qe3 Be7 15. Ne2 0-0 16. Ng3 g6 17. Nxe4 dxe4 18. Bxc4+ Kh8 19. Qxe4 Bf5 20. Qe3 Rc8 21. Bb3 b5 22. 0-0 g5 23. Bg3 h6 24. Rxf5 Rxf5 25. Be6 b4 26. Bxf5 bxc3 27. Bxc8 cxb2 28. Rb1 1-0

[Event "Barcelona Ideal Clave op 20th"]
[Site "Barcelona"]
[Date "2016.10.01"]
[Round "1"]
[White "Peris Morte, Joaquin"]
[Black "Exposito Perez, Juan Miguel"]
[Result "0-1"]
[WhiteElo "1826"]
[BlackElo "1468"]
[PlyCount "48"]
[EventDate "2016.10.01"]
[EventType "swiss"]
[EventRounds "8"]
[EventCountry "ESP"]
[SourceTitle "EXT 2018"]
[Source "ChessBase"]
[SourceDate "2017.10.13"]
[SourceVersion "1"]
[SourceVersionDate "2017.10.13"]
[SourceQuality "1"]

1. e4 c6 2. d4 d5 3. e5 Bf5 4. h4 h6 5. g4 Bh7 6. e6 fxe6 7. Bd3 Bxd3 8. Qxd3 Qb6 9. f4 Nf6 10. Qg6+ Kd7 11. Nf3 Ne4 12. Ne5+ Kc7 13. c3 c5 14. 0-0 cxd4 15. Kg2 d3 16. Nxd3 Nd7 17. Nd2 Qe3 18. Nxe4 Qxd3 19. f5 Qxe4+ 20. Rf3 Ne5 21. Bf4 Qxf3+ 22. Kg1 Qxf4 23. Qxe6 Nf3+ 24. Kf2 Nd4+ 0-1

[Event "Barcelona La Lira op 34th"]
[Site "Barcelona"]
[Date "2016.01.29"]
[Round "3"]
[White "Garcia Vidal, Emili"]
[Black "Exposito Perez, Juan Miguel"]
[Result "0-1"]
[WhiteElo "1480"]
[BlackElo "1759"]
[PlyCount "82"]
[EventDate "2016.01.15"]
[EventType "swiss"]
[EventRounds "8"]
[EventCountry "ESP"]
[SourceTitle "EXT 2017"]
[Source "ChessBase"]
[SourceDate "2016.10.25"]
[SourceVersion "1"]
[SourceVersionDate "2016.10.25"]
[SourceQuality "1"]

1. f4 e5 2. fxe5 d6 3. exd6 Bxd6 4. Nf3 g5 5. d4 g4 6. Ne5 Bxe5 7. dxe5 Qxd1+ 8. Kxd1 Nc6 9. Bf4 Bf5 10. g3 0-0-0+ 11. Ke1 Bxc2 12. Na3 Be4 13. Rg1 Nge7 14. Bg2 Bxg2 15. Rxg2 Ng6 16. e3 Ngxe5 17. Bxe5 Nxe5 18. Ke2 Nf3 19. Rd1 Rxd1 20. Kxd1 Rd8+ 21. Kc1 Rd6 22. Rc2 Ne1 23. Rc3 Nd3+ 24. Kb1 Nb4 25. Rc1 Rd2 26. Nb5 Nc6 27. Rc2 Rxc2 28. Kxc2 a6 29. Nd4 Nxd4+ 30. exd4 Kd7 31. Kd3 f5 32. a3 Kd6 33. Kc4 h6 34. b3 b5+ 35. Kd3 c5 36. b4 c4+ 37. Kd2 Kd5 38. Ke3 c3 39. Kd3 c2 40. Kxc2 Kxd4 41. Kb3 Ke4 0-1

[Event "Barcelona La Lira op 34th"]
[Site "Barcelona"]
[Date "2016.01.22"]
[Round "2"]
[White "Exposito Perez, Juan Miguel"]
[Black "Serentill Tost, Eduard"]
[Result "0-1"]
[WhiteElo "1759"]
[BlackElo "1618"]
[PlyCount "78"]
[EventDate "2016.01.15"]
[EventType "swiss"]
[EventRounds "8"]
[EventCountry "ESP"]
[SourceTitle "EXT 2017"]
[Source "ChessBase"]
[SourceDate "2016.10.25"]
[SourceVersion "1"]
[SourceVersionDate "2016.10.25"]
[SourceQuality "1"]

1. d4 Nf6 2. Nf3 g6 3. e3 Bg7 4. Nc3 d6 5. Be2 0-0 6. 0-0 Nbd7 7. b3 e5 8. dxe5 Nxe5 9. Nxe5 dxe5 10. Bb2 c6 11. a4 a5 12. Bf3 Qc7 13. Ne4 Nd5 14. Qe2 f5 15. Ng5 e4 16. Bxg7 exf3 17. Nxf3 Qxg7 18. Rad1 Be6 19. Rd4 c5 20. Rh4 g5 21. Rh5 h6 22. h4 Bf7 23. Rxg5 hxg5 24. Nxg5 Rfe8 25. c4 Nc3 26. Qf3 Ne4 27. Qxf5 Nxg5 28. hxg5 Re5 29. Qf3 Bg6 30. Qg3 Bd3 31. Rd1 Rxg5 32. Qh2 Rd8 33. f4 Rg6 34. f5 Rgd6 35. Kf2 Qb2+ 36. Kg1 Qxb3 37. Rd2 Qb1+ 38. Kf2 Qf1+ 39. Kg3 Qxf5 0-1

[Event "Barcelona La Lira op 34th"]
[Site "Barcelona"]
[Date "2016.01.15"]
[Round "1"]
[White "Flores Linan, Josep Luis"]
[Black "Exposito Perez, Juan Miguel"]
[Result "1-0"]
[WhiteElo "1835"]
[BlackElo "1759"]
[PlyCount "81"]
[EventDate "2016.01.15"]
[EventType "swiss"]
[EventRounds "8"]
[EventCountry "ESP"]
[SourceTitle "EXT 2017"]
[Source "ChessBase"]
[SourceDate "2016.10.25"]
[SourceVersion "1"]
[SourceVersionDate "2016.10.25"]
[SourceQuality "1"]

1. d4 Nf6 2. c4 d5 3. Nc3 e6 4. Bg5 Nbd7 5. e3 b6 6. Nf3 Be7 7. Bd3 0-0 8. 0-0 Bb7 9. cxd5 exd5 10. Rc1 c5 11. Re1 c4 12. Be2 Rc8 13. h3 a6 14. Bf4 b5 15. a3 b4 16. axb4 Bxb4 17. Qa4 a5 18. Ne5 Nxe5 19. Bxe5 Bc6 20. Qa2 Ne4 21. Red1 f6 22. Bf4 g5 23. Bh2 f5 24. f3 Nf6 25. Be5 Qe7 26. b3 g4 27. hxg4 fxg4 28. bxc4 gxf3 29. Bxf3 Bxc3 30. Rxc3 Ne4 31. Bxe4 dxe4 32. c5+ Rf7 33. Rf1 Rcf8 34. Bd6 Qg5 35. Bxf8 Bd5 36. Qe2 Rf3 37. Bd6 Be6 38. Rxf3 exf3 39. Qxf3 h5 40. Qf8+ Kh7 41. Qe7+ 1-0